Rates revaluation package announced (Record no. 118398)
[ view plain ]
| 000 -LEADER | |
|---|---|
| fixed length control field | 01251cam a2200217 4500 |
| 001 - CONTROL NUMBER | |
| control field | WB@3612-696 |
| 008 - FIXED-LENGTH DATA ELEMENTS--GENERAL INFORMATION | |
| fixed length control field | 041202n2004 000 0 eng u |
| 035 ## - SYSTEM CONTROL NUMBER | |
| System control number | (Sirsi) u128183 |
| 245 ## - TITLE STATEMENT | |
| Title | Rates revaluation package announced |
| 260 ## - PUBLICATION, DISTRIBUTION, ETC. | |
| Date of publication, distribution, etc. | 2004 |
| 490 ## - SERIES STATEMENT | |
| Series statement | ODPM News Release |
| Volume/sequential designation | (2004/0293) 1 December 2004 (3) |
| 520 ## - SUMMARY, ETC. | |
| Summary, etc. | Final details of proposals relating to the revaluation of business rates have been announced by the ODPM. The announcement gives details of the multipliers that will be used to calculate rate bills and explains the arrangements for supporting businesses through various relief schemes. Following a consultation earlier in 2004, the eligibility criteria for relief has been extended. The Local Government Act 2003 requires the revaluation - which takes effect from 1 April 2005 - to be accompanied by a transition scheme to lessen the effects of sudden and significant rates bills. Full details on these measures can be found on the website. http://www.odpm.gov.uk/pns/displaypn.cgi?pn_id=200 4_0293 |
| 590 ## - LOCAL NOTE (RLIN) | |
| Local note | WB |
| 590 ## - LOCAL NOTE (RLIN) | |
| Local note | WB |
| 650 ## - SUBJECT ADDED ENTRY--TOPICAL TERM | |
| Topical term or geographic name entry element | BUSINESS RATES |
| 650 ## - SUBJECT ADDED ENTRY--TOPICAL TERM | |
| Topical term or geographic name entry element | LOCAL GOVERNMENT ACT 2003 |
| 650 ## - SUBJECT ADDED ENTRY--TOPICAL TERM | |
| Topical term or geographic name entry element | RATE RELIEF |
| 650 ## - SUBJECT ADDED ENTRY--TOPICAL TERM | |
| Topical term or geographic name entry element | SMALL BUSINESS |
| 690 ## - LOCAL SUBJECT ADDED ENTRY--TOPICAL TERM (OCLC, RLIN) | |
| Topical term or geographic name as entry element | RATING AND LOCAL TAXATION |
| 942 ## - ADDED ENTRY ELEMENTS (KOHA) | |
| Suppress in OPAC | 0 |
| Withdrawn status | Lost status | Source of classification or shelving scheme | Damaged status | Not for loan | Home library | Current library | Shelving location | Date acquired | Total Checkouts | Full call number | Barcode | Date last seen | Copy number | Price effective from | Koha item type |
|---|---|---|---|---|---|---|---|---|---|---|---|---|---|---|---|
| Dewey Decimal Classification | London | London | News article | 02/12/2004 | WB4046-10 | 128183-1001 | 06/08/2019 | 1 | 06/08/2019 | News article |